000 00299nam a22001217a 4500
020 _a0-85334-531-7
082 _a621.56 REE'R
100 _aREED, G. H
_976102
245 _aREFRIGERATION A PRACTICAL MANUAL FOR MECHANICS
260 _aLONDON
_bAPPLIED SCIENCE
_c1972
300 _a222P
942 _cBK
999 _c581528
_d581528